01365nam a2200325 i 450000500170000000700030001700800410002002000180006104000350007904100080011408200200012210000460014224500750018825000220026326400440028530000250032933600270035433700330038133800280041449000350044250000490047750502080052652100530073454500560078760000520084365000520089565100650094794200120101299900150102420220317001512.0ta210819s2012 ck jr 000 0dspa d a9789583040887 aCO-BoRNBPbspaerdacCO-BoRNBP0 aspa04a923.2bS15g2221 aGómez Rodríguez, Ramirod1921-eautor10aAntonia Santosbgenealogía y biografíacRamiro Gómez Rodríguez aPrimera edición 1aBogotábPanamericana Editorial c2012 a182 páginasc21 cm atextobtxt2rdacontent asin mediaciónbn2rdamedia avolumenbnc2rdacarrier aPersonajes de la independencia aIncluye índice geográfico y onomástico aCuna -- Tierra natal -- Genealogía paterna -- Genealogía materna -- Fundadores de pueblos -- El hatillo -- Independencia -- Guerrilla de Coromoro y Fábita -- Hoocausto -- Consecuencias -- Homenajes aRecomendado para un público mayor de 15 años aIncluye datos biográficos del autor en la solapa 14aSantos, Antoniad1785-1819vBiografías97458014aMujeres en la independenciavBiografías2LEMB 4aColombiaxHistoriayGuerra de Independencia, 1810-181997587 2ddccBK c7182d7182